| 000 | 00467cam a2200181ua 4500 | ||
|---|---|---|---|
| 001 | 4290 | ||
| 008 | 111223n ii |||gr||||Z||||||asm | ||
| 040 | _cMAIN | ||
| 100 | _aSarma, Devabrata, | ||
| 245 | 1 | 1 |
_aEngraji aru asomiya bakyawali _cby Devabrata sarma |
| 250 | _a1st. | ||
| 260 |
_aJorhat: _bEkalavya Prakashan, _c2008. |
||
| 300 | _c23cm. | ||
| 653 | _aAssamese | ||
| 653 | _aEngraji aru asomiya bakyawali | ||
| 700 | 1 | _aCutter, Harrier B. L., | |
| 942 | _cBK | ||
| 999 |
_c4109 _d4109 |
||